header

Mrs. Magavero (Record no. 110228)

MARC details
000 -LEADER
fixed length control field 01547nam a2200361 a 4500
082 04 - DEWEY DECIMAL CLASSIFICATION NUMBER
Classification number 020.92
-- B
100 1# - MAIN ENTRY--AUTHOR NAME
Personal name Fitzpatrick, Jane Brodsky.
245 10 - TITLE STATEMENT
Title Mrs. Magavero
260 ## - PUBLICATION, DISTRIBUTION, ETC. (IMPRINT)
Place of publication Duluth, Minn. :
Name of publisher Library Juice Press,
Year of publication c2007.
300 ## - PHYSICAL DESCRIPTION
Number of Pages 92 p.
650 #0 - SUBJECT ADDED ENTRY--TOPICAL TERM
Topical Term Academic librarians
Topical Term Women librarians
Topical Term Women in library science
Topical Term Sex discrimination in employment
856 40 - ELECTRONIC LOCATION AND ACCESS
Uniform Resource Identifier http://site.ebrary.com/lib/rucke/Doc?id=10370003

No items available.

© 2026 Rongo University
Contact us: librarian | system librarian | Rongo university